| 000 | 00342nam a22001337a 4500 | ||
|---|---|---|---|
| 008 | 250911b |||||||| |||| 00| 0 eng d | ||
| 020 | _a978-93-5460-063-0 | ||
| 100 | _aP.C. Tripathi & P. N. Reddy | ||
| 245 | _aPrinciples of Management 7th Ed. | ||
| 250 | _a7th | ||
| 260 |
_aChennai _bMcGraw Hill _c2024 |
||
| 300 | _a474 | ||
| 942 |
_2ddc _cBK |
||
| 999 |
_c21479 _d21479 |
||